| 000 | 00784nas a22002297a 4500 | ||
|---|---|---|---|
| 005 | 20260526171456.0 | ||
| 008 | 260526b19861989porm||p|||||| 00| z0por d | ||
| 040 | _cBR-ViAPE | ||
| 245 | _aAgro-Campo | ||
| 260 |
_aVitória _bEditoria Campestre Ltda _c1986-1989 |
||
| 300 |
_av. _bil. |
||
| 310 | _aMensal | ||
| 362 | _a1986-1989 | ||
| 500 | _aDisponibilizada apenas a imagem da capa na versão digital, em virtude de restrições de direitos autorais. | ||
| 500 | _aColeção incompleta: disponíveis apenas alguns números do periódico. | ||
| 650 |
_aAgrícola _xRural _xAgronegócio _zEspírito Santo |
||
| 651 |
_aEspírito Santo (Brasil) _vPeriódicos |
||
| 700 |
_aMaduro, José Corrêa _eDiretor |
||
| 710 | _aEditora Campestre Ltda | ||
| 942 |
_2ddc _cPER _n1 |
||
| 999 |
_c718 _d718 |
||